000 01050nam a2200277Ia 4500
003 OSt
005 20221005102817.0
006 a|||||r|||| 00| 0
007 ta
008 221004b |||||||| |||| 00| 0 hin d
020 _a8172291256 (pbk)
024 _a26026
037 _bGift, 21/04/2016,
_cTextual
040 _aCRL
_cCRL
_bhin
041 _2hin
_ahin
082 _aV2:25xM69:11, 152G9
100 _aगांधी जी
245 0 _aहिन्द स्वराज
246 _aHinda svarāja
260 _aअहमदाबाद
_bनवजीवन प्रकाशन मंदिर भारत
_c2004
300 _a87पृ0
_ccm.
650 _aविश्व-इतिहास
700 _a नाणावटी, अमृतलाल ठाकोरदास, अनु.
_9623601
942 _hV2:25xM69:11, 152G9
_cTEXL
_2cc
999 _c1008979
_d1008979